[Event "Maastricht Limburg op 13th"]
[Site "Maastricht"]
[Date "2019.06.09"]
[Round "4"]
[White "Sadzikowski, Daniel"]
[Black "Verhoef, Pieter"]
[Result "1-0"]
[WhiteElo "2510"]
[BlackElo "2136"]
[PlyCount "77"]
[EventDate "2019.06.07"]
[EventType "swiss"]
[EventRounds "7"]
[EventCountry "NED"]
[SourceTitle "CBM 190 Extra"]
[Source "ChessBase"]
[SourceDate "2019.07.15"]
[SourceVersion "1"]
[SourceVersionDate "2019.07.15"]
[SourceQuality "1"]

1. c4 c5 2. Nf3 g6 3. e4 Bg7 4. d4 cxd4 5. Nxd4 Nf6 6. Nc3 d6 7. Be2 0-0 8. 0-0 Nc6 9. Be3 Nxd4 10. Bxd4 a5 11. Rc1 Bd7 12. b3 Bc6 13. f3 Nd7 14. Be3 Nc5 15. Qd2 Qc7 16. Rc2 b6 17. Rb1 Qb7 18. Bf1 Rfd8 19. a3 e6 20. Qf2 d5 21. cxd5 exd5 22. exd5 Bxd5 23. b4 axb4 24. axb4 Nd7 25. Nxd5 Qxd5 26. Rd2 Qc6 27. Rbd1 Bf6 28. Rd6 Qc7 29. Qd2 Ne5 30. Bxb6 Qxd6 31. Qxd6 Rxd6 32. Rxd6 Be7 33. Rd5 Nc6 34. b5 Bd8 35. Bf2 Ne7 36. Rd7 Rb8 37. Ba7 Ra8 38. b6 Kg7 39. Bb5 1-0

[Event "Dieren op"]
[Site "Dieren"]
[Date "2018.07.24"]
[Round "1"]
[White "Leenhouts, Koen"]
[Black "Verhoef, Pieter"]
[Result "1-0"]
[WhiteElo "2483"]
[BlackElo "2183"]
[PlyCount "87"]
[EventDate "2018.07.24"]
[EventType "tourn"]
[EventRounds "9"]
[EventCountry "NED"]
[SourceTitle "CBM 185 Extra"]
[Source "ChessBase"]
[SourceDate "2018.07.29"]
[SourceVersion "1"]
[SourceVersionDate "2018.07.29"]
[SourceQuality "1"]

1. d4 Nf6 2. c4 e6 3. Nc3 Bb4 4. Qc2 Nc6 5. Nf3 d6 6. Bd2 0-0 7. a3 Bxc3 8. Bxc3 Qe7 9. e3 a5 10. b3 e5 11. d5 Nb8 12. Nd2 c6 13. dxc6 bxc6 14. Be2 Nbd7 15. 0-0 Bb7 16. Rfd1 Rfd8 17. Nf1 Nf8 18. Ng3 Ng6 19. Nf5 Qc7 20. Be1 Bc8 21. Rac1 Be6 22. g4 Ne7 23. f3 Rab8 24. Bxa5 Qxa5 25. Nxe7+ Kf8 26. Nxc6 Qc5 27. Nxb8 Qxe3+ 28. Kg2 Rxb8 29. Qd3 Qb6 30. b4 d5 31. c5 Qd8 32. c6 Qc7 33. b5 d4 34. Rc5 Nd5 35. Rxd5 Bxd5 36. Qxh7 g6 37. Bd3 e4 38. Qh8+ Ke7 39. Qh4+ Kf8 40. fxe4 Be6 41. a4 Kg8 42. Qg3 Qc8 43. a5 Bxg4 44. Rc1 1-0

[Event "Vellmar op 9th"]
[Site "Vellmar"]
[Date "2017.07.14"]
[Round "2"]
[White "Verhoef, Pieter"]
[Black "Zell, Daniel"]
[Result "1-0"]
[WhiteElo "2122"]
[BlackElo "1938"]
[PlyCount "63"]
[EventDate "2017.07.13"]
[EventType "swiss"]
[EventRounds "7"]
[EventCountry "GER"]
[SourceTitle "CBM 179 Extra"]
[Source "ChessBase"]
[SourceDate "2017.08.23"]
[SourceVersion "1"]
[SourceVersionDate "2017.08.23"]
[SourceQuality "1"]

1. e4 e5 2. Nf3 Nc6 3. d4 exd4 4. Bc4 Nf6 5. e5 d5 6. Bb5 Ne4 7. Nxd4 Bd7 8. Bxc6 bxc6 9. 0-0 Be7 10. f3 Nc5 11. f4 f5 12. Qe1 0-0 13. Be3 Ne6 14. Nxe6 Bxe6 15. Qc3 Qd7 16. Nd2 Rfb8 17. Nb3 Bb4 18. Qd3 a5 19. a3 Be7 20. Qc3 a4 21. Nc5 Bxc5 22. Bxc5 Rb5 23. Rfd1 Rab8 24. Rd4 Rxb2 25. Bb4 c5 26. Qxc5 Qb5 27. Qc3 c5 28. Qxb2 cxd4 29. Qxd4 Rc8 30. c3 Rc4 31. Qa7 Rxf4 32. Qe7 1-0

[Event "Vellmar op 7th"]
[Site "Vellmar"]
[Date "2015.08.09"]
[Round "7"]
[White "Verhoef, Pieter"]
[Black "Bauch, Frank"]
[Result "0-1"]
[WhiteElo "2015"]
[BlackElo "1899"]
[PlyCount "160"]
[EventDate "2015.08.06"]
[EventType "swiss"]
[EventRounds "7"]
[EventCountry "GER"]
[SourceTitle "CBM 167 Extra"]
[Source "ChessBase"]
[SourceDate "2015.09.14"]
[SourceVersion "1"]
[SourceVersionDate "2015.09.14"]
[SourceQuality "1"]

1. e4 d5 2. exd5 Qxd5 3. Nc3 Qa5 4. d4 Nf6 5. Nf3 c6 6. Ne5 Be6 7. Be2 g6 8. 0-0 Bg7 9. Bf4 Nbd7 10. Nxd7 Nxd7 11. Qd2 0-0 12. Bf3 Rfe8 13. Rfe1 Rad8 14. Rad1 Nb6 15. Be3 Nc4 16. Qc1 Nxe3 17. fxe3 f5 18. a3 Bf7 19. b4 Qc7 20. Na4 b6 21. c4 Rd7 22. Nb2 Red8 23. b5 cxb5 24. cxb5 Qd6 25. Bc6 Rc7 26. Rd3 Kf8 27. Qd2 Bd5 28. Rc1 Bxc6 29. Rdc3 Rdc8 30. bxc6 Rxc6 31. Nd3 Bh6 32. Ne5 Rxc3 33. Rxc3 Rxc3 34. Qxc3 Qd5 35. h3 Bg5 36. Kh2 Kg7 37. a4 Bf6 38. Nf3 Qd6+ 39. Kh1 g5 40. h4 h6 41. h5 g4 42. Ne5 g3 43. Ng6 Qd7 44. Qe1 Qd6 45. Qc3 Qe6 46. Qe1 Bxd4 47. Qxg3 Qxe3 48. Nxe7+ Qxg3 49. Nxf5+ Kf6 50. Nxg3 Ke5 51. Kh2 Be3 52. Ne2 a6 53. g4 b5 54. axb5 axb5 55. Kg2 b4 56. Kf3 Bd2 57. Ng3 b3 58. Ne4 Bb4 59. Nf2 Kd4 60. Nd1 Kd3 61. g5 hxg5 62. Nb2+ Kc2 63. Na4 Bf8 64. Kg4 Bh6 65. Kf5 b2 66. Nxb2 Kxb2 67. Kg6 g4 68. Kxh6 g3 69. Kg7 g2 70. h6 g1Q+ 71. Kh7 Qa7+ 72. Kh8 Qb8+ 73. Kg7 Qc7+ 74. Kg8 Qd8+ 75. Kg7 Qe7+ 76. Kg6 Qf8 77. Kh7 Kc3 78. Kg6 Qh8 79. h7 Kd4 80. Kh6 Ke5 0-1

[Event "Maastricht Limburg op-A 9th"]
[Site "Maastricht"]
[Date "2015.05.25"]
[Round "7"]
[White "Verhoef, Pieter"]
[Black "Nguyen, Kevin"]
[Result "0-1"]
[WhiteElo "2027"]
[BlackElo "2090"]
[PlyCount "54"]
[EventDate "2015.05.22"]
[EventType "swiss"]
[EventRounds "7"]
[EventCountry "NED"]
[SourceTitle "CBM 166 Extra"]
[Source "ChessBase"]
[SourceDate "2015.06.18"]
[SourceVersion "1"]
[SourceVersionDate "2015.06.18"]
[SourceQuality "1"]

1. e4 c5 2. Nc3 d6 3. f4 g6 4. Nf3 Bg7 5. Bb5+ Bd7 6. Bxd7+ Qxd7 7. 0-0 Nc6 8. d3 e6 9. Be3 Nge7 10. Qe1 0-0 11. Qf2 Rad8 12. Rad1 Qc7 13. Qh4 Nd4 14. Rd2 d5 15. f5 Nexf5 16. exf5 Nxf5 17. Bf4 e5 18. Bxe5 Bxe5 19. Qf2 Bf4 20. Re2 d4 21. Nd1 Ng3 22. Nd2 Nxe2+ 23. Qxe2 Bxh2+ 24. Kh1 Be5 25. Ne4 Rde8 26. Rf6 Qe7 27. Qf3 Kg7 0-1

[Event "Maastricht Limburg op-A 9th"]
[Site "Maastricht"]
[Date "2015.05.24"]
[Round "4"]
[White "Van Meegen, Ruud"]
[Black "Verhoef, Pieter"]
[Result "1/2-1/2"]
[WhiteElo "2151"]
[BlackElo "2027"]
[PlyCount "55"]
[EventDate "2015.05.22"]
[EventType "swiss"]
[EventRounds "7"]
[EventCountry "NED"]
[SourceTitle "CBM 166 Extra"]
[Source "ChessBase"]
[SourceDate "2015.06.18"]
[SourceVersion "1"]
[SourceVersionDate "2015.06.18"]
[SourceQuality "1"]

1. e4 e5 2. Nf3 Nf6 3. Nxe5 d6 4. Nf3 Nxe4 5. Nc3 Nxc3 6. dxc3 Be7 7. Bf4 0-0 8. Qd2 Nd7 9. 0-0-0 Nc5 10. h4 Re8 11. Bc4 Be6 12. Bxe6 Nxe6 13. Nd4 Nxd4 14. Qxd4 Bf6 15. Qd3 Qd7 16. Bg5 Re6 17. Bxf6 Rxf6 18. f3 Re8 19. Rde1 Rfe6 20. Kd1 Rxe1+ 21. Rxe1 Rxe1+ 22. Kxe1 Qe7+ 23. Kf1 Qxh4 24. Qb5 Qh1+ 25. Kf2 Qh4+ 26. Kf1 Qh1+ 27. Kf2 Qh4+ 28. Kf1 1/2-1/2

[Event "Maastricht Limburg op-A 9th"]
[Site "Maastricht"]
[Date "2015.05.23"]
[Round "3"]
[White "Lenaerts, Lennert"]
[Black "Verhoef, Pieter"]
[Result "1-0"]
[WhiteElo "2203"]
[BlackElo "2027"]
[PlyCount "79"]
[EventDate "2015.05.22"]
[EventType "swiss"]
[EventRounds "7"]
[EventCountry "NED"]
[SourceTitle "CBM 166 Extra"]
[Source "ChessBase"]
[SourceDate "2015.06.18"]
[SourceVersion "1"]
[SourceVersionDate "2015.06.18"]
[SourceQuality "1"]

1. d4 Nf6 2. c4 e6 3. Nc3 Bb4 4. Qc2 Nc6 5. Nf3 d6 6. a3 Bxc3+ 7. Qxc3 a5 8. b3 Qe7 9. Bb2 0-0 10. g3 Re8 11. Bg2 e5 12. dxe5 dxe5 13. 0-0 Bf5 14. h3 Be4 15. Rfd1 Nd4 16. Nxd4 exd4 17. Qxd4 Bxg2 18. Kxg2 Qxe2 19. Rd2 Qe4+ 20. Qxe4 Nxe4 21. Rd7 Rac8 22. Re1 Nf6 23. Rxe8+ Nxe8 24. Be5 h6 25. a4 b6 26. Kf3 g6 27. Ke4 Kf8 28. Kd5 c6+ 29. Ke4 Ng7 30. Bxg7+ Kxg7 31. Rb7 Re8+ 32. Kd3 Rd8+ 33. Ke2 Re8+ 34. Kf1 b5 35. cxb5 cxb5 36. Rxb5 Ra8 37. Ke2 Kf6 38. Kd3 Ke6 39. Kc4 Ra7 40. Kc5 1-0

[Event "Lueneburg op"]
[Site "Lueneburg"]
[Date "2014.08.12"]
[Round "4"]
[White "Verhoef, Pieter"]
[Black "Bluhm, Sonja Maria"]
[Result "0-1"]
[WhiteElo "1885"]
[BlackElo "2105"]
[PlyCount "64"]
[EventDate "2014.08.09"]
[EventType "swiss"]
[EventRounds "9"]
[EventCountry "GER"]
[SourceTitle "CBM 161 Extra"]
[Source "ChessBase"]
[SourceDate "2014.08.29"]
[SourceVersion "1"]
[SourceVersionDate "2014.08.29"]
[SourceQuality "1"]

1. e4 c5 2. Nc3 Nc6 3. f4 g6 4. Nf3 Bg7 5. Bb5 d6 6. 0-0 e6 7. Bxc6+ bxc6 8. d3 Ne7 9. Be3 Rb8 10. Rb1 Qa5 11. Qe1 d5 12. Bd2 Qa6 13. a3 d4 14. Ne2 c4 15. Nexd4 cxd3 16. Bc3 0-0 17. cxd3 Qxd3 18. Rd1 Qa6 19. Qh4 f6 20. Nc2 Qa4 21. Qf2 Qxe4 22. Rd4 Qf5 23. Ne3 Qh5 24. Bb4 Re8 25. g4 Qh3 26. Bxe7 Rxe7 27. Rd8+ Bf8 28. Qd2 Ba6 29. Rxb8 Bxf1 30. Nxf1 Qxf3 31. Ng3 Qxg4 32. Qd4 e5 0-1

[Event "Lueneburg op"]
[Site "Lueneburg"]
[Date "2014.08.11"]
[Round "3"]
[White "Van den Bersselaar, Jeroen"]
[Black "Verhoef, Pieter"]
[Result "0-1"]
[WhiteElo "2158"]
[BlackElo "1885"]
[PlyCount "88"]
[EventDate "2014.08.09"]
[EventType "swiss"]
[EventRounds "9"]
[EventCountry "GER"]
[SourceTitle "CBM 161 Extra"]
[Source "ChessBase"]
[SourceDate "2014.08.29"]
[SourceVersion "1"]
[SourceVersionDate "2014.08.29"]
[SourceQuality "1"]

1. d4 Nf6 2. c4 e6 3. Nf3 Bb4+ 4. Bd2 Qe7 5. Nc3 Bxc3 6. Bxc3 Ne4 7. Rc1 0-0 8. e3 Nxc3 9. Rxc3 d6 10. Bd3 e5 11. Qc2 exd4 12. Nxd4 h6 13. 0-0 Nd7 14. Rd1 Re8 15. b4 a5 16. Ra3 Ne5 17. Be2 Bd7 18. Rxa5 Rxa5 19. bxa5 Ra8 20. Rb1 c5 21. Nb5 Rxa5 22. Qd2 Ra6 23. Nc7 Ra7 24. Nd5 Qd8 25. f4 Ng6 26. Nc3 Bc6 27. Nb5 Qa5 28. Qxd6 Qxa2 29. Nc3 Qa3 30. Qd2 Ra8 31. Nd5 Qa2 32. Qxa2 Rxa2 33. Bd3 Kf8 34. Bxg6 fxg6 35. e4 Rc2 36. e5 Rxc4 37. Nc7 Ke7 38. g3 Rc2 39. Rb3 c4 40. Rb4 c3 41. Rc4 Kd7 42. Na8 Rg2+ 43. Kf1 Bb5 44. Nb6+ Ke6 0-1

[Event "Maastricht Limburg op-B 8th"]
[Site "Maastricht"]
[Date "2014.06.07"]
[Round "2"]
[White "Willockx, Ritsaart"]
[Black "Verhoef, Pieter"]
[Result "1-0"]
[WhiteElo "1952"]
[BlackElo "1893"]
[PlyCount "59"]
[EventDate "2014.06.06"]
[EventType "swiss"]
[EventRounds "7"]
[EventCountry "NED"]
[SourceTitle "EXT 2015"]
[Source "ChessBase"]
[SourceDate "2014.11.20"]
[SourceVersion "1"]
[SourceVersionDate "2014.11.20"]
[SourceQuality "1"]

1. d4 Nf6 2. c4 e6 3. Nf3 Bb4+ 4. Bd2 Qe7 5. a3 Bxd2+ 6. Nbxd2 d6 7. e4 e5 8. d5 a5 9. g3 0-0 10. Bg2 Na6 11. 0-0 Nc5 12. Qe2 a4 13. Ne1 Nfd7 14. Nc2 f5 15. exf5 Rxf5 16. Nd4 Rf8 17. f4 Qd8 18. Ne6 Nxe6 19. dxe6 Nc5 20. fxe5 Bxe6 21. Rxf8+ Qxf8 22. Rf1 Qe7 23. Nf3 Bg4 24. Qd2 Bxf3 25. Bxf3 dxe5 26. Bd5+ Kh8 27. Rf7 Qd6 28. Qg5 Rg8 29. Re7 Ne4 30. Qxg7+ 1-0

[Event "NED-ch U20 op"]
[Site "Borne"]
[Date "2013.08.09"]
[Round "7"]
[White "Geene, Joris"]
[Black "Verhoef, Pieter"]
[Result "1/2-1/2"]
[WhiteElo "1752"]
[BlackElo "1804"]
[PlyCount "79"]
[EventDate "2013.08.05"]
[EventType "swiss"]
[EventRounds "9"]
[EventCountry "NED"]
[SourceTitle "EXT 2015"]
[Source "ChessBase"]
[SourceDate "2014.11.20"]
[SourceVersion "1"]
[SourceVersionDate "2014.11.20"]
[SourceQuality "1"]

1. e4 e5 2. Nf3 Nf6 3. Nxe5 d6 4. Nf3 Nxe4 5. d3 Nf6 6. Nc3 Nc6 7. Be2 d5 8. 0-0 Be7 9. Bf4 0-0 10. Nb5 Ne8 11. c4 a6 12. Nc3 dxc4 13. dxc4 Qxd1 14. Rfxd1 Be6 15. Rac1 Bd6 16. Bxd6 Nxd6 17. Nd5 Rac8 18. Nxc7 Rxc7 19. Rxd6 h6 20. b3 Re8 21. Re1 Rce7 22. Kf1 Bg4 23. Ng1 Nb4 24. Rd2 Kf8 25. Red1 Bf5 26. Nf3 Bc2 27. Rc1 Rxe2 28. Rxe2 Bd3 29. Nd4 Nxa2 30. Rd1 Rxe2 31. Nxe2 Bxe2+ 32. Kxe2 Nc3+ 33. Kd2 Nxd1 34. Kxd1 Ke7 35. Kd2 Kd6 36. b4 b6 37. Kc3 a5 38. Kb3 axb4 39. Kxb4 Kc6 40. h4 1/2-1/2